000
00269nam a2200109Ia 4500
008
230907s9999||||xx |||||||||||||| ||und||
082
_a
333.794
_b
ALT
245
0
_a
Alternate energy :
260
_a
The Fairmont Press,
_b
Georgia :
_c
2004
300
_a
243 p.
942
_c
BK
999
_c
599536
_d
599536